[Event "Hoogeveen Open"]
[Site "Hoogeveen, Netherlands"]
[Date "2018.10.23"]
[Round "5.15"]
[White "Miedema, David"]
[Black "Ingebretsen, Jens E"]
[Result "1-0"]
[WhiteElo "2379"]
[BlackElo "2160"]

1. d4 {[%clk 01:30:56]} {[%emt 00:00:04]} Nf6 {[%clk 01:24:52]} {[%emt
00:06:08]} 2. c4 {[%clk 01:31:22]} {[%emt 00:00:05]} e6 {[%clk 01:25:09]}
{[%emt 00:00:13]} 3. Nf3 {[%clk 01:31:48]} {[%emt 00:00:04]} b6 {[%clk
01:24:58]} {[%emt 00:00:41]} 4. g3 {[%clk 01:32:13]} {[%emt 00:00:04]} Bb7
{[%clk 01:25:13]} {[%emt 00:00:15]} 5. Bg2 {[%clk 01:32:39]} {[%emt 00:00:05]}
Be7 {[%clk 01:25:19]} {[%emt 00:00:23]} 6. O-O {[%clk 01:33:03]} {[%emt
00:00:05]} O-O {[%clk 01:25:35]} {[%emt 00:00:14]} 7. d5 {[%clk 01:33:28]}
{[%emt 00:00:06]} exd5 {[%clk 01:25:51]} {[%emt 00:00:14]} 8. Nh4 {[%clk
01:33:55]} {[%emt 00:00:03]} c6 {[%clk 01:26:12]} {[%emt 00:00:09]} 9. cxd5
{[%clk 01:34:20]} {[%emt 00:00:05]} Nxd5 {[%clk 01:26:36]} {[%emt 00:00:06]} 10.
Nf5 {[%clk 01:34:48]} {[%emt 00:00:02]} Nc7 {[%clk 01:27:00]} {[%emt 00:00:07]}
11. e4 {[%clk 01:35:14]} {[%emt 00:00:03]} d5 {[%clk 01:27:27]} {[%emt
00:00:04]} 12. Nc3 {[%clk 01:35:39]} {[%emt 00:00:04]} Bf6 {[%clk 01:27:54]}
{[%emt 00:00:03]} 13. Bf4 {[%clk 01:36:05]} {[%emt 00:00:04]} Bc8 {[%clk
01:24:55]} {[%emt 00:03:29]} 14. Nd6 {[%clk 01:02:55]} {[%emt 00:33:39]} g5
{[%clk 01:12:24]} {[%emt 00:13:02]} 15. Nxc8 {[%clk 01:01:24]} {[%emt
00:02:01]} gxf4 {[%clk 01:11:34]} {[%emt 00:01:20]} 16. Bh3 {[%clk 01:01:45]}
{[%emt 00:00:09]} d4 {[%clk 01:08:19]} {[%emt 00:03:45]} 17. Qh5 {[%clk
00:46:38]} {[%emt 00:15:36]} Ne6 {[%clk 00:57:33]} {[%emt 00:11:17]} 18. Bf5
{[%clk 00:40:20]} {[%emt 00:06:48]} Re8 {[%clk 00:57:52]} {[%emt 00:00:11]} 19.
e5 {[%clk 00:39:46]} {[%emt 00:01:05]} Bxe5 {[%clk 00:47:27]} {[%emt 00:10:54]}
20. Bxh7+ {[%clk 00:34:32]} {[%emt 00:05:44]} Kg7 {[%clk 00:46:49]} {[%emt
00:01:08]} 21. Qxe5+ {[%clk 00:34:42]} {[%emt 00:00:20]} Kxh7 {[%clk 00:41:27]}
{[%emt 00:05:52]} 22. Nd6 {[%clk 00:34:35]} {[%emt 00:00:37]} Rf8 {[%clk
00:36:56]} {[%emt 00:05:01]} 23. Nce4 {[%clk 00:29:44]} {[%emt 00:05:21]} Nd7
{[%clk 00:33:54]} {[%emt 00:03:32]} 24. Qh5+ {[%clk 00:28:39]} {[%emt
00:01:34]} Kg8 {[%clk 00:33:32]} {[%emt 00:00:52]} 25. Qg4+ {[%clk 00:27:13]}
{[%emt 00:01:56]} Kh7 {[%clk 00:30:27]} {[%emt 00:03:36]} 26. Nxf7 {[%clk
00:26:27]} {[%emt 00:01:17]} Rxf7 {[%clk 00:29:43]} {[%emt 00:01:13]} 27. Qxe6
{[%clk 00:26:51]} {[%emt 00:00:05]} Rf8 {[%clk 00:26:19]} {[%emt 00:03:55]} 28.
Qh3+ {[%clk 00:25:02]} {[%emt 00:02:19]} Kg6 {[%clk 00:23:41]} {[%emt
00:03:07]} 29. Qg4+ {[%clk 00:24:08]} {[%emt 00:01:24]} Kh6 {[%clk 00:23:23]}
{[%emt 00:00:49]} 30. Qh3+ {[%clk 00:17:34]} {[%emt 00:07:04]} Kg6 {[%clk
00:23:40]} {[%emt 00:00:13]} 31. Qg4+ {[%clk 00:17:20]} {[%emt 00:00:43]} Kh6
{[%clk 00:23:34]} {[%emt 00:00:36]} 32. Qe6+ {[%clk 00:17:46]} {[%emt
00:00:04]} Kg7 {[%clk 00:23:06]} {[%emt 00:00:58]} 33. Rae1 {[%clk 00:15:03]}
{[%emt 00:03:14]} Nf6 {[%clk 00:15:52]} {[%emt 00:07:44]} 34. Qxc6 {[%clk
00:07:49]} {[%emt 00:07:44]} Qc8 {[%clk 00:10:32]} {[%emt 00:05:50]} 35. Qb5
{[%clk 00:05:34]} {[%emt 00:02:45]} Qg4 {[%clk 00:10:42]} {[%emt 00:00:19]} 36.
Qg5+ {[%clk 00:03:56]} {[%emt 00:02:08]} Kh8 {[%clk 00:06:48]} {[%emt
00:04:24]} 37. Qe5 {[%clk 00:03:42]} {[%emt 00:00:41]} Kg7 {[%clk 00:03:22]}
{[%emt 00:03:59]} 38. Qe7+ {[%clk 00:03:15]} {[%emt 00:00:56]} Kg6 {[%clk
00:02:46]} {[%emt 00:01:08]} 39. Nxf6 {[%clk 00:03:39]} {[%emt 00:00:06]} Rxf6
{[%clk 00:02:49]} {[%emt 00:00:28]} 40. Qe4+ {[%clk 00:04:05]} {[%emt
00:00:03]} Qf5 {[%clk 00:02:12]} {[%emt 00:01:07]} 41. Qxa8 {[%clk 00:04:29]}
{[%emt 00:00:06]} f3 {[%clk 00:02:10]} {[%emt 00:00:33]} 42. Qe8+ {[%clk
00:04:40]} {[%emt 00:00:16]} Kh6 {[%clk 00:01:56]} {[%emt 00:00:46]} 43. Re5
{[%clk 00:04:48]} {[%emt 00:00:21]} Qg4 {[%clk 00:01:45]} {[%emt 00:00:42]} 44.
Qh8+ {[%clk 00:05:09]} {[%emt 00:00:09]} Kg6 {[%clk 00:02:07]} {[%emt
00:00:07]} 45. Qg8+ {[%clk 00:05:36]} {[%emt 00:00:03]} 1-0

[Event "Hoogeveen Open"]
[Site "Hoogeveen, Netherlands"]
[Date "2018.10.23"]
[Round "5.16"]
[White "Baskin, Robert"]
[Black "Minko, Dmitry"]
[Result "1-0"]
[WhiteElo "2348"]
[BlackElo "2011"]

1. d4 {[%clk 01:30:50]} {[%emt 00:00:10]} d5 {[%clk 01:30:54]} {[%emt
00:00:06]} 2. c4 {[%clk 01:31:14]} {[%emt 00:00:06]} e6 {[%clk 01:31:19]}
{[%emt 00:00:06]} 3. Nc3 {[%clk 01:31:35]} {[%emt 00:00:09]} Be7 {[%clk
01:31:41]} {[%emt 00:00:08]} 4. Nf3 {[%clk 01:31:49]} {[%emt 00:00:16]} Nf6
{[%clk 01:32:03]} {[%emt 00:00:08]} 5. g3 {[%clk 01:31:57]} {[%emt 00:00:22]}
O-O {[%clk 01:25:04]} {[%emt 00:07:30]} 6. Bg2 {[%clk 01:32:01]} {[%emt
00:00:27]} c6 {[%clk 01:14:56]} {[%emt 00:10:38]} 7. O-O {[%clk 01:30:37]}
{[%emt 00:01:53]} Nbd7 {[%clk 01:07:54]} {[%emt 00:07:33]} 8. b3 {[%clk
01:30:06]} {[%emt 00:01:00]} Re8 {[%clk 01:04:31]} {[%emt 00:03:53]} 9. Bb2
{[%clk 01:27:55]} {[%emt 00:02:41]} Bf8 {[%clk 00:56:20]} {[%emt 00:08:41]} 10.
Qc2 {[%clk 01:26:17]} {[%emt 00:02:08]} g6 {[%clk 00:54:10]} {[%emt 00:02:40]}
11. e4 {[%clk 01:22:18]} {[%emt 00:04:29]} Nxe4 {[%clk 00:51:39]} {[%emt
00:03:01]} 12. Nxe4 {[%clk 01:22:31]} {[%emt 00:00:17]} dxe4 {[%clk 00:52:02]}
{[%emt 00:00:08]} 13. Qxe4 {[%clk 01:22:42]} {[%emt 00:00:19]} Bg7 {[%clk
00:51:56]} {[%emt 00:00:36]} 14. Rfd1 {[%clk 01:18:53]} {[%emt 00:04:19]} Qc7
{[%clk 00:39:53]} {[%emt 00:12:33]} 15. Ne5 {[%clk 01:12:10]} {[%emt 00:07:13]}
f6 {[%clk 00:37:37]} {[%emt 00:02:46]} 16. Nd3 {[%clk 01:02:40]} {[%emt
00:09:59]} e5 {[%clk 00:30:58]} {[%emt 00:07:10]} 17. dxe5 {[%clk 00:58:35]}
{[%emt 00:04:35]} Nxe5 {[%clk 00:29:42]} {[%emt 00:01:46]} 18. Nxe5 {[%clk
00:58:15]} {[%emt 00:00:49]} Bf5 {[%clk 00:27:27]} {[%emt 00:02:45]} 19. Qe3
{[%clk 00:56:13]} {[%emt 00:02:32]} fxe5 {[%clk 00:27:49]} {[%emt 00:00:07]} 20.
Be4 {[%clk 00:54:27]} {[%emt 00:02:16]} Bg4 {[%clk 00:23:08]} {[%emt 00:05:12]}
21. Rd3 {[%clk 00:49:39]} {[%emt 00:05:18]} a6 {[%clk 00:18:34]} {[%emt
00:05:05]} 22. Qg5 {[%clk 00:47:49]} {[%emt 00:02:20]} Be6 {[%clk 00:13:08]}
{[%emt 00:05:56]} 23. Rad1 {[%clk 00:46:57]} {[%emt 00:01:21]} Qf7 {[%clk
00:13:24]} {[%emt 00:00:14]} 24. Qe3 {[%clk 00:41:53]} {[%emt 00:05:35]} Bg4
{[%clk 00:11:24]} {[%emt 00:02:29]} 25. f3 {[%clk 00:38:29]} {[%emt 00:03:54]}
Bf5 {[%clk 00:10:05]} {[%emt 00:01:50]} 26. Bxf5 {[%clk 00:35:16]} {[%emt
00:03:43]} gxf5 {[%clk 00:07:56]} {[%emt 00:02:39]} 27. Rd7 {[%clk 00:35:00]}
{[%emt 00:00:46]} Re7 {[%clk 00:08:13]} {[%emt 00:00:14]} 28. Rd8+ {[%clk
00:35:11]} {[%emt 00:00:19]} Rxd8 {[%clk 00:07:28]} {[%emt 00:01:15]} 29. Rd4
{[%emt 00:00:52]} Rdd7 30. Rxd7 {[%clk 00:34:48]} Re8 {[%clk 00:07:56]} {[%emt
00:00:02]} 31. Rd8 {[%clk 00:34:45]} Rxd8 {[%clk 00:04:09]} {[%emt 00:04:50]}
32. Qg5 {[%clk 00:35:10]} Qf8 {[%clk 00:04:32]} 33. Qxd8 {[%clk 00:34:26]} Qe8
{[%clk 00:02:55]} {[%emt 00:03:20]} 34. Qc7 {[%clk 00:31:38]} Qd8 {[%clk
00:03:16]} 35. Qxb7 {[%clk 00:28:07]} Bh6 {[%clk 00:02:36]} {[%emt 00:05:11]}
36. Qa7 {[%clk 00:26:19]} Qd6 {[%emt 00:03:30]} 37. Kg2 Qd2+ {[%clk 00:01:54]}
38. Qf2 {[%clk 00:26:43]} {[%emt 00:00:05]} Qd6 {[%clk 00:02:06]} {[%emt
00:00:18]} 39. Qe1 {[%clk 00:22:01]} {[%emt 00:05:11]} e4 {[%clk 00:01:19]}
{[%emt 00:01:19]} 40. fxe4 {[%clk 00:16:43]} {[%emt 00:05:48]} fxe4 {[%clk
00:01:48]} {[%emt 00:00:02]} 41. Qc3 {[%clk 00:16:49]} {[%emt 00:00:23]} e3
{[%clk 00:01:17]} {[%emt 00:01:02]} 42. Qh8+ {[%clk 00:15:53]} {[%emt
00:01:26]} Kf7 {[%clk 00:01:45]} {[%emt 00:00:02]} 43. Qxh7+ {[%clk 00:15:42]}
{[%emt 00:00:41]} Ke8 {[%clk 00:27:52]} {[%emt 00:04:23]} 44. Qe4+ {[%clk
00:40:47]} {[%emt 00:05:25]} Kf7 {[%clk 00:24:27]} {[%emt 00:03:55]} 45. Bd4
{[%clk 00:40:28]} {[%emt 00:00:49]} e2 {[%clk 00:21:21]} {[%emt 00:03:35]} 46.
Kf2 {[%clk 00:40:09]} {[%emt 00:00:50]} c5 {[%clk 00:19:50]} {[%emt 00:02:01]}
47. Bc3 {[%clk 00:39:48]} {[%emt 00:00:51]} 1-0

[Event "Hoogeveen Open"]
[Site "Hoogeveen, Netherlands"]
[Date "2018.10.23"]
[Round "5.17"]
[White "Thrish, Karthik"]
[Black "Colijn, Stefan"]
[Result "0-1"]
[WhiteElo "2116"]
[BlackElo "2340"]

1. e4 {[%clk 01:30:58]} d5 {[%clk 01:30:04]} {[%emt 00:00:57]} 2. exd5 {[%clk
01:31:17]} {[%emt 00:00:12]} Qxd5 {[%clk 01:30:31]} {[%emt 00:00:03]} 3. Nc3
{[%clk 01:31:30]} {[%emt 00:00:16]} Qa5 {[%clk 01:30:45]} {[%emt 00:00:16]} 4.
d4 {[%clk 01:31:49]} {[%emt 00:00:11]} c6 {[%clk 01:31:13]} {[%emt 00:00:02]} 5.
Nf3 {[%clk 01:31:30]} {[%emt 00:00:49]} Bg4 {[%clk 01:30:58]} {[%emt 00:00:44]}
6. h3 {[%clk 01:29:13]} {[%emt 00:02:47]} Bh5 {[%clk 01:22:00]} {[%emt
00:09:28]} 7. Be2 {[%clk 01:19:40]} {[%emt 00:10:03]} Nf6 {[%clk 01:17:12]}
{[%emt 00:05:19]} 8. Ne5 {[%clk 01:13:59]} {[%emt 00:06:12]} Bg6 {[%clk
01:10:50]} {[%emt 00:06:51]} 9. O-O {[%clk 01:11:00]} {[%emt 00:03:30]} e6
{[%clk 01:08:28]} {[%emt 00:02:52]} 10. Bf4 {[%clk 01:03:51]} {[%emt 00:07:39]}
Be7 {[%clk 01:06:15]} {[%emt 00:02:43]} 11. a3 {[%clk 00:53:47]} {[%emt
00:10:35]} O-O {[%clk 00:59:25]} {[%emt 00:07:19]} 12. Nxg6 {[%clk 00:47:24]}
{[%emt 00:06:53]} hxg6 {[%clk 00:54:32]} {[%emt 00:05:22]} 13. Qd3 {[%clk
00:44:58]} {[%emt 00:02:58]} Rd8 {[%clk 00:50:41]} {[%emt 00:04:20]} 14. Qg3
{[%clk 00:38:00]} {[%emt 00:07:29]} Nh5 {[%clk 00:45:32]} {[%emt 00:05:38]} 15.
Bxh5 {[%clk 00:36:20]} {[%emt 00:02:09]} Qxh5 {[%clk 00:42:13]} {[%emt
00:03:50]} 16. Rad1 {[%clk 00:31:33]} {[%emt 00:05:16]} Qf5 {[%clk 00:38:27]}
{[%emt 00:04:17]} 17. Bc7 {[%clk 00:27:40]} {[%emt 00:04:23]} Rc8 {[%clk
00:38:13]} {[%emt 00:00:44]} 18. Bxb8 {[%clk 00:27:57]} {[%emt 00:00:14]} Raxb8
{[%clk 00:38:19]} {[%emt 00:00:23]} 19. Qd3 {[%clk 00:28:20]} {[%emt 00:00:07]}
Rd8 {[%clk 00:37:52]} {[%emt 00:00:57]} 20. Qxf5 {[%clk 00:25:25]} {[%emt
00:03:25]} gxf5 {[%clk 00:38:15]} {[%emt 00:00:06]} 21. Ne2 {[%clk 00:23:51]}
{[%emt 00:02:05]} Rd7 {[%clk 00:38:35]} {[%emt 00:00:10]} 22. b4 {[%clk
00:17:12]} {[%emt 00:07:09]} Rbd8 {[%clk 00:36:05]} {[%emt 00:02:59]} 23. Rd3
{[%clk 00:14:03]} {[%emt 00:03:40]} g6 {[%clk 00:31:47]} {[%emt 00:04:48]} 24.
Rfd1 {[%clk 00:13:02]} {[%emt 00:01:31]} Bf6 {[%clk 00:31:57]} {[%emt
00:00:20]} 25. f4 {[%clk 00:11:40]} {[%emt 00:01:52]} Kf8 {[%clk 00:32:04]}
{[%emt 00:00:23]} 26. g3 {[%clk 00:08:02]} {[%emt 00:04:09]} a5 {[%clk
00:27:06]} {[%emt 00:05:27]} 27. b5 {[%clk 00:02:06]} {[%emt 00:06:26]} cxb5
{[%clk 00:25:06]} {[%emt 00:02:30]} 28. Rb3 {[%clk 00:02:11]} {[%emt 00:00:25]}
Bxd4+ {[%clk 00:15:31]} {[%emt 00:10:04]} 29. Rxd4 {[%clk 00:02:20]} {[%emt
00:00:21]} Rxd4 {[%clk 00:15:59]} {[%emt 00:00:02]} 30. Nxd4 {[%clk 00:02:49]}
{[%emt 00:00:02]} Rxd4 {[%clk 00:16:22]} {[%emt 00:00:07]} 31. Rxb5 {[%clk
00:03:13]} {[%emt 00:00:06]} Ra4 {[%clk 00:16:03]} {[%emt 00:00:49]} 32. Rb3
{[%clk 00:01:42]} {[%emt 00:02:01]} Rc4 {[%clk 00:15:35]} {[%emt 00:00:58]} 33.
Rxb7 {[%clk 00:00:41]} {[%emt 00:01:31]} Rxc2 {[%clk 00:15:57]} {[%emt
00:00:07]} 34. Rb5 {[%clk 00:00:52]} {[%emt 00:00:19]} Rc3 {[%clk 00:15:46]}
{[%emt 00:00:41]} 35. Rxa5 {[%clk 00:01:18]} {[%emt 00:00:04]} Rxg3+ {[%clk
00:16:11]} {[%emt 00:00:04]} 36. Kh2 {[%clk 00:01:45]} {[%emt 00:00:03]} Rf3
{[%clk 00:16:08]} {[%emt 00:00:33]} 37. Ra4 {[%clk 00:01:49]} {[%emt 00:00:27]}
Ke7 {[%clk 00:16:16]} {[%emt 00:00:21]} 38. Kg2 {[%clk 00:02:14]} {[%emt
00:00:06]} Re3 {[%clk 00:16:36]} {[%emt 00:00:11]} 39. Ra7+ {[%clk 00:02:35]}
{[%emt 00:00:10]} Kf6 {[%clk 00:16:15]} {[%emt 00:00:49]} 40. a4 {[%clk
00:01:47]} {[%emt 00:01:19]} Re4 {[%clk 00:10:08]} {[%emt 00:06:36]} 41. Kf3
{[%clk 00:27:31]} {[%emt 00:04:46]} g5 {[%clk 00:37:57]} {[%emt 00:02:41]} 42.
fxg5+ {[%clk 00:26:21]} {[%emt 00:01:40]} Kxg5 {[%clk 00:38:25]} {[%emt
00:00:02]} 43. a5 {[%clk 00:23:54]} {[%emt 00:02:58]} Ra4 {[%clk 00:38:41]}
{[%emt 00:00:13]} 44. a6 {[%clk 00:19:56]} {[%emt 00:04:29]} Ra3+ {[%clk
00:39:07]} {[%emt 00:00:04]} 45. Kg2 {[%clk 00:20:23]} {[%emt 00:00:04]} Ra2+
{[%clk 00:38:29]} {[%emt 00:01:08]} 46. Kf3 {[%clk 00:18:47]} {[%emt 00:02:06]}
e5 {[%clk 00:35:02]} {[%emt 00:03:56]} 47. h4+ {[%clk 00:17:32]} {[%emt
00:01:46]} Kxh4 {[%clk 00:35:15]} {[%emt 00:00:17]} 48. Rxf7 {[%clk 00:17:59]}
{[%emt 00:00:03]} Ra3+ {[%clk 00:35:35]} {[%emt 00:00:10]} 49. Ke2 {[%clk
00:10:49]} {[%emt 00:07:41]} Kg4 {[%clk 00:35:59]} {[%emt 00:00:05]} 50. a7
{[%clk 00:10:18]} {[%emt 00:01:02]} e4 {[%clk 00:35:45]} {[%emt 00:00:43]} 51.
Rh7 {[%clk 00:08:43]} {[%emt 00:02:05]} Kf4 {[%clk 00:35:55]} {[%emt 00:00:20]}
52. Rh4+ {[%clk 00:08:45]} {[%emt 00:00:29]} Ke5 {[%clk 00:36:19]} {[%emt
00:00:05]} 53. Rh7 {[%clk 00:09:03]} {[%emt 00:00:11]} Ra2+ {[%clk 00:36:39]}
{[%emt 00:00:10]} 54. Kf1 {[%clk 00:06:54]} {[%emt 00:02:40]} f4 {[%clk
00:37:03]} {[%emt 00:00:06]} 55. Rf7 {[%emt 00:05:55]} e3 {[%clk 00:37:23]}
{[%emt 00:00:07]} 56. Re7+ {[%clk 00:01:58]} {[%emt 00:00:04]} Kf5 {[%clk
00:37:49]} {[%emt 00:00:04]} 57. Kg1 {[%clk 00:00:38]} {[%emt 00:01:51]} Kg4
{[%clk 00:38:09]} {[%emt 00:00:09]} 58. Rg7+ {[%clk 00:00:38]} {[%emt
00:00:30]} Kf3 {[%clk 00:38:31]} {[%emt 00:00:08]} 59. Re7 {[%clk 00:01:01]}
{[%emt 00:00:08]} Ra1+ {[%clk 00:38:52]} {[%emt 00:00:08]} 60. Kh2 {[%clk
00:01:27]} {[%emt 00:00:04]} Kf2 {[%clk 00:38:48]} {[%emt 00:00:35]} 61. Rg7
{[%clk 00:01:16]} {[%emt 00:00:41]} f3 {[%clk 00:38:58]} {[%emt 00:00:20]} 62.
Rg1 {[%clk 00:01:07]} {[%emt 00:00:40]} Rxa7 {[%clk 00:39:13]} {[%emt
00:00:15]} 0-1

[Event "Hoogeveen Open"]
[Site "Hoogeveen, Netherlands"]
[Date "2018.10.23"]
[Round "5.18"]
[White "Iniyan, P"]
[Black "Hulshof, Peter"]
[Result "1-0"]
[WhiteElo "2476"]
[BlackElo "2168"]

1. d4 {[%clk 01:29:31]} {[%emt 00:01:29]} g6 {[%clk 01:30:51]} {[%emt
00:00:08]} 2. c4 {[%clk 01:29:49]} {[%emt 00:00:13]} Bg7 {[%clk 01:31:10]}
{[%emt 00:00:11]} 3. e4 {[%clk 01:30:08]} {[%emt 00:00:11]} d6 {[%clk
01:31:19]} {[%emt 00:00:21]} 4. Nc3 {[%clk 01:30:28]} {[%emt 00:00:10]} c6
{[%clk 01:31:30]} {[%emt 00:00:19]} 5. Be3 {[%clk 01:30:38]} {[%emt 00:00:20]}
e5 {[%clk 01:23:29]} {[%emt 00:08:31]} 6. Nge2 {[%clk 01:27:23]} {[%emt
00:03:44]} Ne7 {[%clk 01:21:05]} {[%emt 00:02:55]} 7. Qd2 {[%clk 01:24:07]}
{[%emt 00:03:47]} Nd7 {[%clk 01:13:52]} {[%emt 00:07:43]} 8. Bh6 {[%clk
01:15:51]} {[%emt 00:08:45]} O-O {[%clk 00:52:28]} {[%emt 00:21:54]} 9. h4
{[%clk 01:09:29]} {[%emt 00:06:52]} Nf6 {[%clk 00:52:03]} {[%emt 00:00:54]} 10.
f3 {[%clk 01:09:11]} {[%emt 00:00:49]} exd4 {[%clk 00:49:35]} {[%emt 00:02:59]}
11. Nxd4 {[%clk 01:09:27]} {[%emt 00:00:13]} d5 {[%clk 00:49:08]} {[%emt
00:00:57]} 12. Bxg7 {[%clk 01:02:59]} {[%emt 00:06:59]} Kxg7 {[%clk 00:49:18]}
{[%emt 00:00:20]} 13. cxd5 {[%clk 01:03:24]} {[%emt 00:00:05]} cxd5 {[%clk
00:47:03]} {[%emt 00:02:45]} 14. e5 {[%clk 01:03:48]} {[%emt 00:00:07]} Nfg8
{[%clk 00:40:43]} {[%emt 00:06:49]} 15. h5 {[%clk 00:58:38]} {[%emt 00:05:40]}
Nc6 {[%clk 00:38:41]} {[%emt 00:02:31]} 16. f4 {[%clk 00:57:25]} {[%emt
00:01:43]} Bg4 {[%clk 00:37:11]} {[%emt 00:02:01]} 17. Nxd5 {[%clk 00:51:21]}
{[%emt 00:06:34]} Nxd4 {[%clk 00:29:17]} {[%emt 00:08:23]} 18. Qxd4 {[%clk
00:51:41]} {[%emt 00:00:10]} Qa5+ {[%clk 00:28:20]} {[%emt 00:01:27]} 19. b4
{[%clk 00:50:08]} {[%emt 00:02:04]} Qa3 {[%clk 00:27:08]} {[%emt 00:01:42]} 20.
hxg6 {[%clk 00:42:40]} {[%emt 00:07:57]} Qg3+ {[%clk 00:20:32]} {[%emt
00:07:06]} 21. Qf2 {[%clk 00:42:10]} {[%emt 00:01:00]} Qxf2+ {[%clk 00:19:02]}
{[%emt 00:02:01]} 22. Kxf2 {[%clk 00:42:35]} {[%emt 00:00:05]} fxg6 {[%clk
00:17:33]} {[%emt 00:01:59]} 23. Be2 {[%clk 00:41:28]} {[%emt 00:01:37]} Rad8
{[%clk 00:13:54]} {[%emt 00:04:09]} 24. Bxg4 {[%clk 00:41:51]} {[%emt
00:00:07]} Rxd5 {[%clk 00:14:18]} {[%emt 00:00:07]} 25. Ke3 {[%clk 00:42:16]}
{[%emt 00:00:04]} Rfd8 {[%clk 00:08:22]} {[%emt 00:06:26]} 26. Rhd1 {[%clk
00:42:10]} {[%emt 00:00:36]} Nh6 {[%clk 00:07:57]} {[%emt 00:00:56]} 27. Rxd5
{[%clk 00:41:34]} {[%emt 00:01:07]} Rxd5 {[%clk 00:08:22]} {[%emt 00:00:05]} 28.
Be6 {[%clk 00:41:58]} {[%emt 00:00:06]} Rb5 {[%clk 00:08:22]} {[%emt 00:00:30]}
29. a3 {[%clk 00:41:58]} {[%emt 00:00:30]} Rb6 {[%clk 00:08:06]} {[%emt
00:00:46]} 30. Bc8 {[%clk 00:41:20]} {[%emt 00:01:08]} Ng8 {[%clk 00:07:40]}
{[%emt 00:00:57]} 31. Rc1 {[%clk 00:41:16]} {[%emt 00:00:34]} Ne7 {[%clk
00:08:05]} {[%emt 00:00:04]} 32. Rc7 {[%clk 00:41:35]} {[%emt 00:00:10]} Kf8
{[%clk 00:08:28]} {[%emt 00:00:08]} 33. Bxb7 {[%clk 00:42:00]} {[%emt
00:00:05]} a5 {[%clk 00:06:27]} {[%emt 00:02:31]} 34. bxa5 {[%clk 00:42:20]}
{[%emt 00:00:10]} Rb3+ {[%clk 00:06:53]} {[%emt 00:00:04]} 35. Kd4 {[%clk
00:42:42]} {[%emt 00:00:08]} Rxa3 {[%clk 00:07:17]} {[%emt 00:00:06]} 36. a6
{[%clk 00:43:07]} {[%emt 00:00:06]} Ke8 {[%clk 00:04:14]} {[%emt 00:03:31]} 37.
e6 {[%clk 00:42:36]} {[%emt 00:01:02]} Ra5 {[%clk 00:04:11]} {[%emt 00:00:33]}
38. Kc4 {[%clk 00:42:58]} {[%emt 00:00:08]} h5 {[%clk 00:03:43]} {[%emt
00:00:58]} 39. Rd7 {[%clk 00:41:48]} {[%emt 00:01:40]} Ra1 {[%clk 00:02:51]}
{[%emt 00:01:22]} 40. Kb5 {[%clk 00:42:06]} {[%emt 00:00:11]} Rb1+ {[%clk
00:03:12]} {[%emt 00:00:10]} 41. Kc5 {[%clk 00:42:20]} {[%emt 00:00:16]} Ra1
{[%clk 00:02:15]} {[%emt 00:01:28]} 42. Kb6 {[%clk 00:42:42]} {[%emt 00:00:07]}
Rb1+ {[%clk 00:02:21]} {[%emt 00:00:24]} 43. Kc7 {[%clk 00:43:02]} {[%emt
00:00:10]} Rc1+ {[%clk 00:02:27]} {[%emt 00:00:24]} 44. Kb8 {[%clk 00:43:24]}
{[%emt 00:00:07]} Rb1 {[%clk 00:02:27]} {[%emt 00:00:31]} 45. Rc7 {[%clk
00:43:47]} {[%emt 00:00:07]} Nd5 {[%clk 00:02:24]} {[%emt 00:00:33]} 46. Rc8
{[%clk 00:44:10]} {[%emt 00:00:07]} Ke7 {[%clk 00:02:44]} {[%emt 00:00:10]} 47.
a7 {[%clk 00:44:37]} {[%emt 00:00:04]} Nb6 {[%clk 00:02:34]} {[%emt 00:00:39]}
48. Rc6 {[%clk 00:45:00]} {[%emt 00:00:07]} 1-0

[Event "Hoogeveen Open"]
[Site "Hoogeveen, Netherlands"]
[Date "2018.10.23"]
[Round "5.19"]
[White "Damen, Jip"]
[Black "Hamblok, Roel"]
[Result "0-1"]
[WhiteElo "2192"]
[BlackElo "2275"]

1. e4 {[%clk 01:30:56]} {[%emt 00:00:04]} e6 {[%clk 01:28:48]} {[%emt
00:02:12]} 2. d4 {[%clk 01:31:12]} {[%emt 00:00:13]} d5 {[%clk 01:29:10]}
{[%emt 00:00:09]} 3. Nc3 {[%clk 01:31:35]} {[%emt 00:00:07]} Nf6 {[%clk
01:29:32]} {[%emt 00:00:08]} 4. Bg5 {[%clk 01:31:49]} {[%emt 00:00:16]} Bb4
{[%clk 01:29:52]} {[%emt 00:00:12]} 5. e5 {[%clk 01:31:44]} {[%emt 00:00:34]}
h6 {[%clk 01:29:57]} {[%emt 00:00:25]} 6. Bh4 {[%clk 01:31:59]} {[%emt
00:00:15]} g5 {[%clk 01:30:11]} {[%emt 00:00:16]} 7. Bg3 {[%clk 01:32:25]}
{[%emt 00:00:05]} Ne4 {[%clk 01:30:33]} {[%emt 00:00:07]} 8. Nge2 {[%clk
01:32:35]} {[%emt 00:00:20]} f5 {[%clk 01:26:44]} {[%emt 00:04:20]} 9. exf6
{[%clk 01:30:42]} {[%emt 00:02:23]} Qxf6 {[%clk 01:23:47]} {[%emt 00:03:26]} 10.
a3 {[%clk 01:30:20]} {[%emt 00:00:53]} Nxg3 {[%clk 01:23:54]} {[%emt 00:00:23]}
11. hxg3 {[%clk 01:30:15]} {[%emt 00:00:35]} Be7 {[%clk 01:24:01]} {[%emt
00:00:22]} 12. Ng1 {[%clk 01:23:07]} {[%emt 00:07:38]} Nc6 {[%clk 01:07:27]}
{[%emt 00:17:04]} 13. Bb5 {[%clk 01:18:55]} {[%emt 00:04:41]} O-O {[%clk
01:03:57]} {[%emt 00:04:00]} 14. f4 {[%clk 01:10:37]} {[%emt 00:08:48]} Nxd4
{[%clk 00:57:46]} {[%emt 00:06:42]} 15. Bd3 {[%clk 01:09:41]} {[%emt 00:01:25]}
gxf4 {[%clk 00:52:24]} {[%emt 00:05:52]} 16. Nf3 {[%clk 01:03:14]} {[%emt
00:06:58]} Nxf3+ {[%clk 00:46:52]} {[%emt 00:06:02]} 17. Qxf3 {[%clk 01:03:01]}
{[%emt 00:00:43]} Qe5+ {[%clk 00:46:09]} {[%emt 00:01:13]} 18. Ne2 {[%clk
01:02:29]} {[%emt 00:01:01]} fxg3 {[%clk 00:45:29]} {[%emt 00:01:11]} 19. Qxg3+
{[%clk 01:00:52]} {[%emt 00:02:06]} Qxg3+ {[%clk 00:45:37]} {[%emt 00:00:23]}
20. Nxg3 {[%clk 01:01:17]} {[%emt 00:00:05]} Bg5 {[%clk 00:44:51]} {[%emt
00:01:16]} 21. c4 {[%clk 00:59:57]} {[%emt 00:01:50]} c6 {[%clk 00:44:37]}
{[%emt 00:00:44]} 22. Ke2 {[%clk 00:59:23]} {[%emt 00:01:04]} e5 {[%clk
00:40:39]} {[%emt 00:04:29]} 23. Bc2 {[%clk 00:59:34]} {[%emt 00:00:18]} Bg4+
{[%clk 00:39:37]} {[%emt 00:01:32]} 24. Kd3 {[%clk 00:59:39]} {[%emt 00:00:25]}
Rf2 {[%clk 00:36:42]} {[%emt 00:03:26]} 25. Rhg1 {[%clk 01:00:03]} {[%emt
00:00:06]} Bf4 {[%clk 00:34:06]} {[%emt 00:03:06]} 26. Nh1 {[%clk 01:00:22]}
{[%emt 00:00:10]} Bf5+ {[%clk 00:34:25]} {[%emt 00:00:11]} 0-1